000 01416nam a2200397 c 4500
001 16513
003 ES-MaCES
005 20180205141720.0
008 040526s2004 lu i000 | eng d
020 _a9289602686
035 _aCES20040007175m
040 _aES-MaCES
_bspa
_cES-MaCES
100 1 _aGriffiths, Toni
_914124
245 1 0 _aLearning through work experience for the knowledge economy
_b: issues for educational research and policy
_cToni Griffiths, David Guile
260 _aLuxembourg
_bOffice for Official Publications of the European Communities
_a[Thessaloniki
_bCEDEFOP]
_c2004
300 _a137 p.
_c25 cm
490 1 _aCEDEFOP reference series
_v48
504 _aBibliografía: p. 129-137
541 _cCompra
650 4 _aadquisición de conocimientos
_927454
650 4 _aexperiencia profesional
_929012
650 4 _acalificación profesional
_928319
650 4 _aempleabilidad
_929674
650 4 _apolítica educativa
_927373
650 4 _ainvestigación pedagógica
_927400
650 4 _aEuropa
_926940
653 1 0 _aEducación
650 4 _929020
_apaís de la UE
650 4 _926752
_aUE
700 1 _aGuile, David
_914246
710 2 _91909
_aCentro Europeo para el Desarrollo de la Formación Profesional
_eed.
830 0 _aCEDEFOP reference series
_v48
_933758
902 _aLIB Libro
942 _2CES
_cBK
_h4.0.
999 _c16513
_d16513